| 000 | 00953nas a2200301 4500 | ||
|---|---|---|---|
| 001 | BR2014005216 | ||
| 003 | BR-BrBNA | ||
| 005 | 20231205124419.0 | ||
| 007 | ta | ||
| 008 | 230509b bl.|||p| |||| 00| 00por d | ||
| 040 |
_aBR-BrBNA _bpor _cBiblioteca Nacional de Agricultura |
||
| 041 | _a(Pt) | ||
| 072 | _aL01; L53 | ||
| 100 | 1 | _aNogueira, E. | |
| 100 | 1 | _aMorais, M.G. | |
| 100 | 1 | _aAndrade, V.J. | |
| 100 | 1 | _aRocha, E.D.S. | |
| 100 | 1 | _aSilva, A.S. | |
| 100 | 1 | _aBrito, A.T. | |
| 245 | 1 | _aEfeito do creep feeding sobre o desempenho de bezerros e a eficiência reprodutiva de primíparas Nelore, em pastejo | |
| 650 | _aBOVINO | ||
| 650 | _aEFICIÊNCIA REPRODUTIVA | ||
| 650 | _aGANHO DE PESO | ||
| 650 | _aDESMAMA | ||
| 773 | 0 |
_tArquivo Brasileiro de Medicina Veterinária e Zootecnia (Brazil) _xISSN 0102-0935 _g(Aug 2006), v. 58(4) p. 607-613 _wBR2014005216 |
|
| 909 |
_a202311 _bLúcia _c55 _dLúcia Elande |
||
| 942 |
_2AGRIS _n0 _cANA |
||
| 999 |
_c238953 _d238953 |
||